W 110. rocznicę śmierci śp

Titel: W 110. rocznicę śmierci śp : ks. Konstantego Augustyna Damrota [zm. 1895], Lublińczanina
Verfasser:
In: Szkice lublinieckie, Band 7 (2006), Seite 110-111
alle Artikel anzeigen
Veröffentlicht: 2006
Format: Aufsatz
Sprache: Polnisch
Kein Bild verfügbar
X
alg: 39414239
001A    $01999:12-11-16 
001B    $01999:29-05-21 $t17:45:21.000 
001D    $01999:12-11-16 
001U    $0utf8 
001X    $00 
002@    $0Aox 
003@    $039414239X 
007A    $039414239X $aHEB 
007T    $0Herdkk00014186 
010@    $apol 
011@    $a2006 
021A    $aW 110. rocznicę śmierci śp $dks. Konstantego Augustyna Damrota [zm. 1895], Lublińczanina 
028A    $aFilipiak $dMarian 
031A    $d7 $h110-111 $j2006 
039B    $aIn $8--Abvc--. Szkice lublinieckie. - Lubliniec, 1986-. - ISSN 0860-3685 $x200600000070000890 $9182896552 
045F    $a929.09438 $eDDC23BSB 
045F/01 $a929 
045F/03 $g438 
045F/03 $g4385 

lok: 39414239 78

exp: 39414239 78 1 #EPN
201B/01 $029-05-18 $t22:56:12.000 
201U/01 $0utf8 
203@/01 $0790252902 
208@/01 $a12-11-16 $be 
209A/01 $a/ $f000 $x00 
220C/01 $aTitelaufnehmer: pbb 
220C/01 $aHerkunft: PBB/IH PAN 
244Z/01 $2Trx $#Silesia $#Śląsk $#Sliezsko $#Slezsko $8--Trx--Schlesien $x01 $9391173987 
244Z/01 $2Trx $#Poola $#Lenkija $#Polija $#Polen Land $#Poland $#Lengyelország $#Poľsko $#Polsko $8--Trx--Polska$gkraj $x02 $9391345966 
244Z/01 $2Trx $#Lublinitz $#Loben Tschenstochau $8--Trx--Lubliniec $x03 $9391273396 
244Z/01 $aGeschichte 1841-1895 $x04 
244Z/01 $#Damroth, Konstantin $#Lubiński, Czesław $#Lublinski, Czeslaw $7119084708 $8--Tp1--Damrot, Konstanty$Z1841-1895 $x05 $9087424924 
244Z/01 $2Trx $#kirjanikud $#rašytojai $#writers $#írók $#pisarze $#spisovatelia $#spisovatelé $8--Trx--Schriftsteller $x06 $9391382659 
244Z/01 $2Trx $#vaimulikkond, rooma-katoliku $#Romos katalikų dvasininkai $#clergy, Roman-Catholic $#papság, római-katolikus $#duchowieństwo rzymskokatolickie $#duchovenstvo rímsko-katolícke $#duchovenstvo římsko-katolické $#Klerus $#Priester $#Pfarrer $#kler $#księża katoliccy $#klérus $#kňazi $#farári $#klérus $#kněží $#faráři $8--Trx--Geistliche, römisch-katholische $x07 $9391373757 
244Z/01 $2Trx $8--Trx--Zeitschriftenaufsatz $x08 $9391384341 
245Z/01 $a12.03 $x01 
247C/01 $82080>Marburg/Lahn, Herder-Institut, Forschungsbibliothek, Bibliographieportal $9336309341
LEADER 00000caa a22000002c 4500
001 39414239X
003 DE-603
005 20210529174521.0
007 tu
008 161112s2006 xx |||| | u00||u|pol c
035 |a (DE-599)HEB39414239X 
040 |a DE-603  |b ger  |c DE-603  |d DE-603 
041 |a pol 
082 0 4 |8 1\u  |a 929.09438  |q DE-101  |2 23/BSB 
085 |8 1\u  |b 929 
085 |8 1\u  |z 2  |s 438 
085 |8 1\u  |z 2  |s 4385 
100 1 |a Filipiak, Marian 
245 0 0 |a W 110. rocznicę śmierci śp  |b ks. Konstantego Augustyna Damrota [zm. 1895], Lublińczanina 
264 0 |c 2006 
773 0 8 |i In  |t Szkice lublinieckie  |d Lubliniec, 1986-  |x 0860-3685  |g Band 7 (2006), Seite 110-111  |w (DE-603)182896552  |w (DE-600)2259923-X 
924 0 |9 2080  |a (DE-603)790252902  |b DE-2080  |c HES  |d d  |g /